000 00971nam a2200265 i 4500
005 20220316235643.0
008 121119s2002 sp gs 000 0 spa d
020 _a8474265673
040 _aCO-BoRNBP
_bspa
_cCO-BoRNBP
_erda
041 0 _aspa
082 0 4 _a323.01
_bO17d
110 2 _aObservatorio de Derechos Humanos DESC
_9127334
245 1 3 _aEl derecho a exigir nuestros derechos
_bderechos económicos, sociales y culturales en el panorama internacional
_cObservatorio DESC, Terre des Hommes-France
250 _aPrimera edición
264 1 _aBarcelona
_bIcaria
_c2002
300 _a358 páginas
_c22 cm
336 _atexto
_btxt
_2rdacontent
337 _asin mediación
_bn
_2rdamedia
338 _avolumen
_bnc
_2rdacarrier
490 _aIcaria antrazit : relaciones Norte-Sur
650 1 4 _aDerechos civiles
_zAmérica Latina
_2LEMB
650 1 4 _aDerechos humanos
_zAmérica Latina
_2LEMB
650 1 4 _aPolítica social
_zAmérica Latina
_2LEMB
942 _2ddc
_cBK
999 _c1696
_d1696